Medzinárodné ohodnocovacie štandardy 2003
Na minha lista:
| Autor Corporativo: | |
|---|---|
| Formato: | Livro |
| Idioma: | eslovaco |
| Publicado em: |
Bratislava
Slovenská asociácia ekonomických znalcov
2005
|
| Edição: | 6. vyd. |
| Assuntos: | |
| Tags: |
Sem tags, seja o primeiro a adicionar uma tag!
|
MARC
| LEADER | 00000nam$a2200000$$$4500 | ||
|---|---|---|---|
| 001 | 0024308 | ||
| 005 | 20240318121126.3 | ||
| 020 | |a 80-969-248-5-0 | ||
| 041 | 0 | |a slo | |
| 044 | |a SK | ||
| 245 | 1 | 0 | |a Medzinárodné ohodnocovacie štandardy 2003 |
| 250 | |a 6. vyd. | ||
| 264 | 1 | |a Bratislava |b Slovenská asociácia ekonomických znalcov |c 2005 | |
| 300 | |a 505 s. | ||
| 610 | 2 | 0 | |a štandardy ohodnocovacie medzinárodné |
| 610 | 2 | 0 | |a hodnota |
| 610 | 2 | 0 | |a ohodnocovanie podniku |
| 610 | 2 | 0 | |a majetok |
| 610 | 2 | 0 | |a hodnota pôdy |
| 610 | 2 | 0 | |a hodnota podniku |
| 610 | 2 | 0 | |a hodnota nehnuteľností |
| 110 | 2 | |a International Valuation Standards Committee | |